Statystyki dla Państwa najbliższe Wielkiej Brytanii (w tym terytoria)

Kliknij tutaj aby rozwiązać quiz!

Ogólne statystyki

  • Ten quiz został rozwiązany 108 razy
  • Średni wynik to 6 z 13

Statystyki odpowiedzi

kmPaństwo% Poprawnych
0Irlandia
99%
14Francja
91%
83Belgia
76%
156Holandia
74%
0Hiszpania
67%
19Maroko
37%
137Dominika
26%
99Haiti
25%
20Saint Kitts
i Nevis
25%
66Bahamy
23%
89Kuba
22%
39Antigua i
Barbuda
19%
0Cypr
14%

Rozkład punktacji

Percentyl według liczby udzielonych odpowiedzi

Procent ludzi z każdym wynikiem

Twoja historia wyników

Nie rozwiązałeś tego quizu